Classical Greek writers by work Quiz Stats

 Plays Quiz not verified by Sporcle

Challenge
Share
Tweet
Embed
Score 0/15 Timer 04:00
0 Plays Today
Work Name % Correct
OdysseyHomeros
99.6%
Oedipus Rex, AntigoneSophokles
77.3%
Symposium, Trial of SocratesPlato
77.3%
Medea, The BacchaeEuripides
68.6%
Lysistrata, The CloudsAristophanes
66.4%
HistoriesHerodotus
64.6%
Ars Poetica, PhysicaAristoteles
63.8%
The Persians, The OresteiaAischylos
59.8%
Work Name % Correct
Works and DaysHesiodos
57.2%
History of the Peleponnesian WarThoukydides
49.3%
Anabasis, OeconomicusXenophon
37.1%
ArgonauticaApollonios of Rhodes
21.4%
Olynthiacs, On the crownDemosthenes
16.6%
Aspis, Dyskolos, SamiaMenandros
14.4%
AitiaKallimachos
7.9%

You're not logged in!

Compare scores with friends on all Sporcle quizzes.
OR
Log In

You Might Also Like...

Show Comments

Extras

Created Jan 25, 2010ReportNominate
Tags:Classical Quiz, Greek, writer

Top Quizzes Today


Score Distribution

Your Account Isn't Verified!

In order to create a playlist on Sporcle, you need to verify the email address you used during registration. Go to your Sporcle Settings to finish the process.

Report this User

Report this user for behavior that violates our Community Guidelines.

Details: